The future is bright (Record no. 83448)

MARC details
000 -LEADER
fixed length control field 01405cab a22002535a 4500
001 - CONTROL NUMBER
control field L154009
008 - FIXED-LENGTH DATA ELEMENTS--GENERAL INFORMATION
fixed length control field 111003e20110924xxk 000 0 eng d
035 ## - SYSTEM CONTROL NUMBER
System control number (Sirsi) u154009
041 0# - LANGUAGE CODE
Language code of text/sound track or separate title eng
100 1# - MAIN ENTRY--PERSONAL NAME
Personal name Foo, Alicia
245 04 - TITLE STATEMENT
Title The future is bright
260 ## - PUBLICATION, DISTRIBUTION, ETC.
Date of publication, distribution, etc. 2011
490 ## - SERIES STATEMENT
Series statement Estates Gazette
Volume/sequential designation (1138) 24 September 2011, 98-100(3)
520 ## - SUMMARY, ETC.
Summary, etc. Discusses CA's interpretation of the Electronic Communications Code regarding compensation payable to landlowners by telecommunication operators for installation and retention in "Blackwater Canal Company Ltd v Geo Networks Ltd" [2010] EWHC 548 (Ch). Explains how the Code distinguishes between ordinary landowners (general regime) and other landlowners mostly infrastructure providers such as highway authorities, rail and canal companies described as special regimes. "Blackwater" fell into the special regime category. Law Commission is reviewing the code in light of "Blackwater" and is due to publish its recommendations in 2013.
590 ## - LOCAL NOTE (RLIN)
Local note KA
650 24 - SUBJECT ADDED ENTRY--TOPICAL TERM
Topical term or geographic name entry element TELECOMMUNICATIONS ACT 1984 SCHED 2
650 24 - SUBJECT ADDED ENTRY--TOPICAL TERM
Topical term or geographic name entry element COMMUNICATIONS ACT 2003
650 24 - SUBJECT ADDED ENTRY--TOPICAL TERM
Topical term or geographic name entry element BRIDGEWATER CANAL COMPANY LTD V GEO NETWORKS LTD
650 24 - SUBJECT ADDED ENTRY--TOPICAL TERM
Topical term or geographic name entry element MERCURY COMMUNICATIONS LTD V LONDON AND INDIA DOCK INVESTMENT LTD
651 #4 - SUBJECT ADDED ENTRY--GEOGRAPHIC NAME
Geographic name United Kingdom
Chronological subdivision
690 ## - LOCAL SUBJECT ADDED ENTRY--TOPICAL TERM (OCLC, RLIN)
Topical term or geographic name as entry element PROPERTY-INFRASTRUCTURE-TELECOMMUNICATIONS INFRASTRUCTURE
700 1# - ADDED ENTRY--PERSONAL NAME
Personal name Taggart, Nicholas
942 ## - ADDED ENTRY ELEMENTS (KOHA)
Suppress in OPAC 0
Holdings
Withdrawn status Lost status Source of classification or shelving scheme Damaged status Not for loan Home library Current library Shelving location Date acquired Total Checkouts Full call number Barcode Date last seen Copy number Price effective from Koha item type
    Dewey Decimal Classification     London London Journal article 03/10/2011   L154009 154009-1001 06/08/2019 1 06/08/2019 Journal article